000 00406 a2200133 4500
001 87823
082 _aPR 200
090 _c41285
_d41285
100 _aSyed Salman Tahir, Plt Off 15893 72 EC
245 _aPractical and theoretical analysis of pipe flow using fluid friction apparatus
260 _aRisalpur
_bNUST Risalpur
_c2012
300 _av, 66p.
_eMessam Abbas, Wg Cdr
500 _aBE Project Reports
942 _aCAE NUST
_kPR 200
999 _c322896
_d322896